Εκπαιδευτικό πρόγραμμα γλυπτικής
Αποθηκεύτηκε σε:
| Κύριος συγγραφέας: | |
|---|---|
| Συγγραφή απο Οργανισμό/Αρχή: | |
| Μορφή: | Βιβλίο |
| Γλώσσα: | Greek |
| Δημοσίευση: |
[Κοζάνη] :
Αρχαιολογικό Μουσείο Αιανής,
[c2008].
|
| Θέματα: | |
| Ετικέτες: |
Προσθήκη ετικέτας
Δεν υπάρχουν, Καταχωρήστε ετικέτα πρώτοι!
|
MARC
| LEADER | 00000cam a2200000 i 4500 | ||
|---|---|---|---|
| 001 | 1/3796 | ||
| 008 | 100128s2008 gr | ||| |||| ||gre|| | ||
| 020 | |a 9789602147825 | ||
| 035 | |l 10106504 | ||
| 040 | |a GR-MY-UA |b gre |e aacr | ||
| 041 | 0 | |a gre | |
| 082 | 7 | |a 938.21 |2 (22) | |
| 100 | 1 | |a Καραμήτρου-Μεντεσίδη, Γεωργία. | |
| 245 | 1 | 0 | |a Εκπαιδευτικό πρόγραμμα γλυπτικής / |c Γεωργία Καραμήτρου-Μεντεσίδη ; Υπουργείο Πολιτισμού - Λ' Εφορεία Προϊστορικών και Κλασικών Αρχαιοτήτων. |
| 246 | 3 | 4 | |a Ιστορία λαξευμένη...σε μάρμαρο ; |b βιβλίο για τον εκπαιδευτικό. |
| 260 | |a [Κοζάνη] : |b Αρχαιολογικό Μουσείο Αιανής, |c [c2008]. | ||
| 300 | |a 31 σ. : |b έγχρ. εικ. ; |c 30 εκ. | ||
| 500 | |a Στη σελίδα τίτλου υπάρχουν φωτογραφίες σύγχρονων γλυπτών από το εργαστήριο - Συμπόσιο Γλυπτικής 2008. | ||
| 504 | |a Βιβλιογραφία: σ. [32]. | ||
| 650 | 0 | 0 | |a Museums |z Greece |x Exhibitions. |
| 650 | 0 | 0 | |a Archaeology |z Greece |x Exhibitions. |
| 651 | 0 | |a Αιανή. | |
| 651 | 0 | |a Kozane (Greece) |x History. | |
| 710 | 1 | |a Ελλάς |b Υπουργείο Πολιτισμού |b Λ' Εφορεία Προϊστορικών και Κλασικών Αρχαιοτήτωv. | |
| 901 | |a BIBL4-2010-1 | ||
| 909 | |a Ρ |b 159532 | ||
| 920 | |a ΥΠΟΥΡΓΕΙΟ ΠΟΛΙΤΙΣΜΟΥ |b Λ' ΕΦΟΡΕΙΑ ΠΡΟΪΣΤΟΡΙΚΩΝ ΚΑΙ ΚΛΑΣΙΚΩΝ ΑΡΧΑΙΟΤΗΤΩΝ |y Ρόδος |z 2009-12 | ||
| 970 | |a ΚΟΖΑ |b ΜΑΡΙΑ |z 2010/01/28 | ||